LEADER 01531nam a2200301 u 4500 001 000000116740 003 CaOOAMICUS 005 20110314115244.0 008 090722s2009 it u000 u ita r 020 $z978-88-13-29711-4* 040 $aPUL$bita 100 1 $aLiberati, Alessio.$0(OLS)http://pul/name/64347 245 13$aLa responsabilitą della pubblica amministrazione ed il risarcimento del danno /$cAlessio Liberati. 260 $aPadova :$bCEDAM,$c©2009. 300 $axlviii, 940 p. ;$c24 cm +$e1 CD-Rom 490 1 $aDiritto amministrativo.$aManuali professionali ;$v02 504 $aBibliografia : p. [905]-920. 650 4$aAmministrazione pubblica$xResponsabilitą.$0(OLS)http://pul/subject/34225 650 4$aRisarcimento dei danni.$0(OLS)http://pul/subject/34307 830 0$aDiritto amministrativo.$pManuali professionali ;$v02.$0(OLS)http://pul/title/142321 850 $aPUL 852 $aPUL$W1$xSL Diritto e Scienze Sociali 3$y79$m342. 45 LIBAL 1.2$j133865$qDDC 21$B132893$CPULBib$Z2$F132893 $H111127 $82 852 $aPUL$W1$xSL Diritto e Scienze Sociali 3$y79$m342. 45 LIBAL 1.2CD$j133866$aCD-ROM$qDDC 21$B132894$CPULBib$Z2$F132894 $H111130 $82 941 1 $a9 996 $6020$z978-88-13-29711-4*$9(OLS)http://pul/number/141531 996 $6245$aLa responsabilitą della pubblica amministrazione ed il risarcimento del danno$9(OLS)http://pul/title/146744 996 $6260$aPadova :$bCEDAM$9(OLS)http://pul/publisher/48126 LEADER 01123nam a2200277 u 4500 001 000000058068 003 CaOOAMICUS 005 20070226120642.0 008 010523s1993 it u000 u ita u 020 $a8837215231 035 $a10890175 040 $aPUL(R)$bita 100 1 $aMoretto, Giovanni,$d1939-2006.$0(OLS)http://pul/name/6281 245 10$aDestino dell'uomo e corpo mistico :$bBlondel, de Lubac e il Concilio Vaticano ii /$cGiovanni Moretto. 260 $aBrescia :$bMorcelliana,$c1993. 300 $a151 p. ;$c21 cm 500 $aContiene indice. 504 $aBibliografia in nota. 650 4$aTeologia filosofica.$0(OLS)http://pul/subject/7555 850 $aPUL 852 $aPUL$W1$xSL Religione 1$y3$m58 B 61$j75873$n $b $qStampati$B75873$CPULBib$Z2$F75873 $H $81 941 1 $a8 961 $aINV: 71290 996 $6020$a8837215231$9(OLS)http://pul/number/73517 996 $6245$aDestino dell'uomo e corpo mistico :$bBlondel, de Lubac e il Concilio Vaticano ii$9(OLS)http://pul/title/77762 996 $6260$aBrescia :$bMorcelliana$9(OLS)http://pul/publisher/47854